000 00700nam a2200181 a 4500
008 190510s2016 ||||||||||||||||| || u
020 _a9781118881996
050 _aNA 2840 All
100 _aRand, Patrick
245 1 0 _aArchitectural detailing: function, constructibility, aesthetics. (3rd edition)
_cBy Edward Allen and Patrick Rand
250 _a3rd edition
260 _aNew Jersey:
_bWiley
_c2016
300 _axiii, 363 pages : illustrations
350 _a26.44
650 _aARCHITECTURE--DETAILS
700 _aAllen, Edward
995 _FCBU-MAIN LIBRARY (Kitwe)
_I26.44
_M1
_UAVAILABLE
_WMay 16, 2019
_ZMain Library Open Access Collection
999 _c34740
_d34740